Family medicine preTest self-assessment and review /

"The closest you can get to the Family Medicine clerkship shelf exam without actually taking it Family Medicine: PreTest Self-Assessment & Review, Fourth Edition is the perfect way to assess your knowledge of Family Medicine for the USMLE Step 2 CK and clerkship shelf exam. You'll find...

Full description

Bibliographic Details
Other Authors: Knutson, Doug (Editor), Devine, Robin (Editor)
Format: Book
Language:English
Published: New York : McGraw-Hill Education, [2019]
Edition:Fourth edition.
Series:PreTest
Subjects:

MARC

Tag First Indicator Second Indicator Subfields
LEADER 00000cam a2200000 i 4500
001 in00004520521
005 20200713125719.0
008 181004s2019 nyua 001 0 eng
010 |a  2018046746 
019 |a 1080238293 
020 |a 9781260143584  |q paperback 
020 |a 1260143589  |q paperback 
035 |a (OCoLC)on1056201337 
035 |a (OCoLC)1056201337  |z (OCoLC)1080238293 
040 |a DLC  |b eng  |e rda  |c DLC  |d OCLCO  |d OCLCF  |d IBO  |d YDX  |d OCLCO  |d USU  |d OCLCO  |d CUV  |d CULIB  |d OCLCO  |d ZQP  |d OCLCO  |d TMV  |d UtOrBLW 
042 |a pcc 
049 |a TMVM 
050 0 0 |a RC58  |b .F34 2019 
060 4 |a WB 18.2  |b K67f 2019 
245 0 0 |a Family medicine preTest self-assessment and review /  |c Doug Knutson, Robin Devine. 
250 |a Fourth edition. 
264 1 |a New York :  |b McGraw-Hill Education,  |c [2019] 
300 |a xi, 356 pages :  |b illustrations ;  |c 22 cm. 
336 |a text  |b txt  |2 rdacontent 
337 |a unmediated  |b n  |2 rdamedia 
338 |a volume  |b nc  |2 rdacarrier 
490 0 |a PreTest 
500 |a Includes index. 
520 |a "The closest you can get to the Family Medicine clerkship shelf exam without actually taking it Family Medicine: PreTest Self-Assessment & Review, Fourth Edition is the perfect way to assess your knowledge of Family Medicine for the USMLE Step 2 CK and clerkship shelf exam. You'll find approximately 500 USMLE-style questions and answers that target the clerkship's core competencies, along with detailed explanations of both correct and incorrect answers. All questions have been reviewed by students who recently passed the boards and completed their clerkship to ensure they match the style and difficulty level of the exam, so you know you are studying the most relevant, high-yield material possible. Approximately 500 USMLE-style questions, just like you will see on the exam. Detailed explanations for right and wrong answers, that zero-in on must-know information. Targets what you really need to know for exam success. Thoroughly reviewed by students who aced their clerkship"--  |c Provided by publisher. 
520 |a "Family Medicine: PreTest gives you hundreds of review questions and answers, along with high yield rationale to prepare you for your clerkship shelf exam, as well as the USMLE Step 2. Both the scope of content, as well as the format of the questions, parallels what you will see on your actual exams"--  |c Provided by publisher. 
505 0 |a Prevention medicine -- Doctor-patient issues -- Acute complaints -- Chronic conditions. 
650 0 |a Family medicine  |v Examinations, questions, etc.  |0 http://id.loc.gov/authorities/subjects/sh2008120208 
650 0 |a Medicine  |v Examinations, questions, etc.  |0 http://id.loc.gov/authorities/subjects/sh2008107627 
650 2 |a Family Practice.  |0 (DNLM)D005194  |0 https://id.nlm.nih.gov/mesh/D005194 
655 2 |a Examination Question.  |0 (DNLM)D020475  |0 https://id.nlm.nih.gov/mesh/D020475 
655 2 |a Study Guide.  |0 (DNLM)D000072643  |0 https://id.nlm.nih.gov/mesh/D000072643 
650 7 |a Family medicine.  |2 fast  |0 (OCoLC)fst00920401 
650 7 |a Medicine.  |2 fast  |0 (OCoLC)fst01014893 
655 7 |a Examinations.  |2 fast  |0 (OCoLC)fst01423780 
700 1 |a Knutson, Doug,  |e editor.  |0 http://id.loc.gov/authorities/names/n96110832 
700 1 |a Devine, Robin,  |e editor.  |0 http://id.loc.gov/authorities/names/no2019015366 
999 f f |s 1acee5c2-ef2b-38d5-8031-86cee010837c  |i 424628ff-28a1-337e-acdd-b69c94cde923  |t 0 
952 f f |p normal  |a Texas A&M University  |b College Station  |c Medical Sciences Library  |s MSL Book Stacks  |d MSL: Book Stacks  |t 0  |e WB 18.2 K67f 2019  |h National Library of Medicine classification  |i unmediated -- volume  |m 3238902626097 
998 f f |a WB 18.2 K67f 2019  |t 0  |l MSL: Book Stacks